000 00321 a2200157 4500
001 156923
020 _a8500005483
040 _cEscola São Tomás de Aquino
100 _aJAF, Ivan
240 1 0 _aSexo
_lpor
245 1 0 _aSexo
300 _a78 p.
362 0 _a2000
697 _aLITERATURA BRASILEIRA
942 _cBK
999 _c156923
_d156923